Countries by the Most Common Food Eaten There - Statistics

General Stats
  • This quiz has been taken 146 times
  • The average score is 78 of 196
Answers on the Map
Answers color-coded by a green-red scale on the quiz's map according to % correct below.
 
Answer Stats
Country Food % Correct
Afghanistan | Belize | Burkina Faso | +23 others Rice
87%
Ethiopia | France | Kosovo | +5 others Beef
79%
Angola | Burundi | Gabon | +9 others Chicken
79%
Bahrain | Barbados | Dominica | +17 others Fish
78%
Italy | Liechtenstein | San Marino Pasta
71%
East Timor | Estonia | Montenegro | +3 others Pork
70%
United States | Vatican City Pizza
64%
Belarus | Lithuania | Luxembourg | +2 others Potatoes
49%
Bulgaria | Finland | Haiti | +4 others Soup
48%
Japan Sushi
43%
Nepal Lamb
42%
F.S. Micronesia | Kenya | Sudan | Tanzania Banana
33%
Eswatini Goat
30%
Bangladesh | Cambodia | Mauritius | +4 others Curry
24%
Cyprus | Eritrea | Grenada | +6 others Stew
20%
Algeria | Libya | Morocco Couscous
17%
Vietnam Pho
17%
Benin | Cote D'ivoire | Togo Yam
17%
Zambia Maize
15%
South Sudan Pancake
15%
Canada French Fries
14%
Czech Republic Goulash
13%
Bolivia Peanut
13%
Samoa Coconut
12%
Israel | Jordan | Syria Falafel
12%
Lesotho | Zimbabwe Porridge
12%
North Korea Dog
11%
Cameroon | Republic of the Congo Cassava
10%
Singapore Crab
10%
Argentina | Chile | Colombia | +2 others Empanada
9%
Belgium Waffles
9%
United Arab Emirates Camel
8%
Bahamas | Comoros | Saint Lucia Lobster
8%
Bosnia and Herzegovina Pita
8%
Honduras | Mexico Enchilada
6%
Ecuador Guinea Pig
5%
Croatia Octopus
5%
Germany Bratwurst
3%
Spain Omelette
3%
Egypt Squash
3%
Thailand Thai
3%
Uraguay Asado
2%
South Africa Biltong
2%
Brazil Feijoada
2%
Armenia | Azerbaijan | Greece | Turkey Dolma
1%
Andorra Escargot
1%
Indonesia Gado-Gado
1%
Uganada Grasshopper
1%
Georgia Grits
1%
Vanuatu Lap Lap
1%
Philippines Lechon
1%
Australia Pavlova
1%
Tajikistan Plov
1%
Iceland Puffin
1%
El Salvador Pupusa
1%
Cuba Ropa Veijda
1%
Austria Wiener Schnitzel
1%
Brunei Ambuyat
0%
Kazakhstan | Kyrgyzstan Beshbarkmak
0%
Netherlands Bitterballen
0%
Portugal Caldo Verde
0%
Bhutan Ema Datshi
0%
Denmark Flaeskesteg
0%
Antigua and Barbuda Fungie
0%
Oman Halwa
0%
Qatar Harees
0%
Lebanon Kibbeh
0%
Slovenia Klobasa
0%
Tunisia Lablabi
0%
Hungary Lecso
0%
Malaysia Nasi Lemak
0%
Turkmenistan Pilav
0%
Tuvalu Pulaka
0%
Switzerland Rosti
0%
Uzbekistan Samsa
0%
Romania Sarmale
0%
Botswana Seswaa
0%
North Macedonia Tavche Gravche
0%
Albania Tave Kosi
0%
Nicaragua Vigoron
0%
No matching quizzes found
Score Distribution
Percent of People with Each Score
Percentile by Number Answered
Your Score History
You have not taken this quiz